[Event "BCF-chT3 1011 (4NCL)"]
[Site "England"]
[Date "2011.05.02"]
[Round "11.34"]
[White "Haydon, Richard"]
[Black "Fallowfield, Jeremy"]
[Result "1-0"]
[WhiteElo "2164"]
[BlackElo "2044"]
[PlyCount "55"]
[EventDate "2010.11.06"]
[EventType "team-swiss"]
[EventRounds "9"]
[EventCountry "ENG"]
[SourceTitle "EXT 2012"]
[Source "ChessBase"]
[SourceDate "2011.11.24"]
[SourceVersion "1"]
[SourceVersionDate "2011.11.24"]
[SourceQuality "1"]
[WhiteTeam "Brown Jack"]
[BlackTeam "Warwicks Select II"]
[WhiteTeamCountry "ENG"]
[BlackTeamCountry "ENG"]

1. Nf3 c5 2. g3 Nc6 3. Bg2 g6 4. 0-0 Bg7 5. d3 e5 6. c4 Nge7 7. Nc3 0-0 8. Rb1 d6 9. Bd2 h6 10. Ne1 Rb8 11. Nc2 Be6 12. b4 Nxb4 13. Nxb4 cxb4 14. Rxb4 d5 15. cxd5 Nxd5 16. Rb5 Nxc3 17. Bxc3 a6 18. Ra5 Qc7 19. Qd2 Rfc8 20. Rc1 Bf8 21. a3 Bg7 22. h4 f6 23. Kh2 Bf8 24. Qb2 g5 25. Bd2 Qf7 26. Rxc8 Rxc8 27. Qxb7 Rc7 28. Qf3 1-0

[Event "4NCL-chT rapid"]
[Site "Newport Pagnell"]
[Date "2010.10.09"]
[Round "2"]
[White "Haydon, Richard"]
[Black "Piper, Matthew"]
[Result "0-1"]
[WhiteElo "2164"]
[BlackElo "2343"]
[PlyCount "69"]
[EventDate "2010.10.09"]
[EventType "team (rapid)"]
[EventRounds "9"]
[EventCountry "ENG"]
[SourceTitle "CBM 138 Extra"]
[Source "ChessBase"]
[SourceDate "2010.10.29"]
[SourceVersion "1"]
[SourceVersionDate "2010.10.29"]
[SourceQuality "1"]

1. e4 e5 2. Nf3 Nc6 3. Bb5 Nf6 4. 0-0 Bc5 5. c3 0-0 6. Bxc6 dxc6 7. Nxe5 Nxe4 8. d4 Bd6 9. Qf3 Ng5 10. Qh5 Ne6 11. f4 f6 12. Nd3 f5 13. Nd2 Qf6 14. Nf3 g6 15. Qh6 Bd7 16. Nde5 Rad8 17. Bd2 Rfe8 18. Be1 Bf8 19. Qh4 Bg7 20. Rd1 Bc8 21. Qxf6 Bxf6 22. Bh4 Bxh4 23. Nxh4 c5 24. dxc5 Rxd1 25. Rxd1 Nxf4 26. Nhf3 Be6 27. b3 Ne2+ 28. Kf2 Nxc3 29. Rc1 Nxa2 30. Rc2 Nb4 31. Rd2 a5 32. Ng5 Bd5 33. Nd7 Kg7 34. Nxh7 Bc6 35. Ng5 0-1

[Event "BCF-chT2a 0910 (4NCL)"]
[Site "England"]
[Date "2009.10.24"]
[Round "1.4"]
[White "Haydon, Richard"]
[Black "Jenks, Chris Bruce"]
[Result "1/2-1/2"]
[WhiteElo "2184"]
[BlackElo "2127"]
[PlyCount "84"]
[EventDate "2009.10.24"]
[EventType "team-tourn"]
[EventRounds "7"]
[EventCountry "ENG"]
[SourceTitle "EXT 2010"]
[Source "ChessBase"]
[SourceDate "2010.11.25"]
[SourceVersion "1"]
[SourceVersionDate "2010.11.25"]
[SourceQuality "1"]
[WhiteTeam "Brown Jack"]
[BlackTeam "Wessex"]
[WhiteTeamCountry "ENG"]
[BlackTeamCountry "ENG"]

1. Nf3 c5 2. g3 b6 3. Bg2 Bb7 4. 0-0 g6 5. d3 Bg7 6. e4 Nf6 7. e5 Nd5 8. Re1 Nc6 9. c3 0-0 10. d4 cxd4 11. cxd4 Rc8 12. a3 e6 13. Nbd2 d6 14. Nc4 dxe5 15. Ncxe5 Nxe5 16. dxe5 Rc7 17. Bg5 Qa8 18. Rc1 Rfc8 19. Rxc7 Rxc7 20. Qd2 Qc8 21. Rc1 Rxc1+ 22. Qxc1 Qxc1+ 23. Bxc1 Ne7 24. Bf4 Bd5 25. Ne1 Kf8 26. Bf3 Ke8 27. Kg2 Kd7 28. Nd3 Nc6 29. g4 Nd4 30. Bxd5 exd5 31. Bg3 g5 32. h4 h6 33. f4 gxf4 34. Bxf4 Ke6 35. h5 Nc6 36. b3 a5 37. Kf2 d4 38. Kf3 Kd5 39. g5 hxg5 40. Bxg5 Nxe5+ 41. Nxe5 Bxe5 42. Bd8 Kc5 1/2-1/2

[Event "BCF-chT4 0708 (4NCL)"]
[Site "England"]
[Date "2008.02.10"]
[Round "6.2"]
[White "Haydon, Richard"]
[Black "Dickson, George A"]
[Result "1/2-1/2"]
[WhiteElo "2186"]
[BlackElo "2155"]
[PlyCount "33"]
[EventDate "2007.09.15"]
[EventType "team-swiss"]
[EventRounds "11"]
[EventCountry "ENG"]
[SourceTitle "EXT 2009"]
[Source "ChessBase"]
[SourceDate "2008.11.26"]
[SourceVersion "1"]
[SourceVersionDate "2008.11.26"]
[SourceQuality "1"]
[WhiteTeam "Brown Jack"]
[BlackTeam "Metropolitan"]
[WhiteTeamCountry "ENG"]
[BlackTeamCountry "ENG"]

1. Nf3 f5 2. d4 g6 3. g3 Nf6 4. Bg2 Bg7 5. 0-0 0-0 6. b3 Ne4 7. Bb2 c5 8. e3 Nc6 9. Qe2 Rb8 10. c4 d6 11. dxc5 dxc5 12. Bxg7 Kxg7 13. Qb2+ Rf6 14. Nc3 Nxc3 15. Qxc3 Qc7 16. Ne1 Qe5 17. Qxe5 1/2-1/2

[Event "BCF-chT3 0607 (4NCL)"]
[Site "Sunningdale"]
[Date "2007.05.07"]
[Round "11.44"]
[White "Haydon, Richard"]
[Black "Ackley, Peter JE"]
[Result "1/2-1/2"]
[WhiteElo "2208"]
[BlackElo "2117"]
[PlyCount "61"]
[EventDate "2006.09.16"]
[EventType "team"]
[EventRounds "11"]
[EventCountry "ENG"]
[SourceTitle "EXT 2008"]
[Source "ChessBase"]
[SourceDate "2007.11.25"]
[SourceVersion "1"]
[SourceVersionDate "2007.11.25"]
[SourceQuality "1"]
[WhiteTeam "Braille Chess Association"]
[BlackTeam "Mindsports"]
[WhiteTeamCountry "ENG"]
[BlackTeamCountry "ENG"]

1. g3 f5 2. Bg2 Nf6 3. c4 g6 4. Nc3 Bg7 5. d3 0-0 6. e3 d6 7. Nge2 e5 8. 0-0 a5 9. Rb1 Na6 10. a3 Nc5 11. b4 axb4 12. axb4 Ne6 13. f4 exf4 14. gxf4 g5 15. fxg5 Nxg5 16. Nd5 Ng4 17. b5 Bd7 18. Ng3 c6 19. bxc6 bxc6 20. Nb4 Qb6 21. d4 Rae8 22. Rb3 Nxe3 23. Bxe3 Rxe3 24. c5 dxc5 25. Rxe3 Qxb4 26. Re7 Qxd4+ 27. Qxd4 Bxd4+ 28. Kh1 Rf7 29. Rxf7 Kxf7 30. Nxf5 Bf6 31. Nd6+ 1/2-1/2

[Event "BCF-chT3 0607 (4NCL)"]
[Site "Sunningdale"]
[Date "2006.09.17"]
[Round "2.3"]
[White "Haydon, Richard"]
[Black "Sparkes, Daniel A"]
[Result "1-0"]
[WhiteElo "2195"]
[BlackElo "2015"]
[PlyCount "75"]
[EventDate "2006.09.16"]
[EventType "team"]
[EventRounds "11"]
[EventCountry "ENG"]
[SourceTitle "CBM 115 Extra"]
[Source "ChessBase"]
[SourceDate "2007.01.10"]
[SourceVersion "1"]
[SourceVersionDate "2007.01.10"]
[SourceQuality "1"]
[WhiteTeam "Braille Chess Association"]
[BlackTeam "Slough Sharks III"]
[WhiteTeamCountry "ENG"]
[BlackTeamCountry "ENG"]

1. Nf3 Nf6 2. g3 g6 3. Bg2 Bg7 4. 0-0 0-0 5. c4 c5 6. Nc3 Nc6 7. d4 cxd4 8. Nxd4 Nxd4 9. Qxd4 d6 10. Qd3 Rb8 11. Bd2 Be6 12. Rac1 a6 13. b3 Nd7 14. Bg5 h6 15. Be3 Kh7 16. Qd2 Qa5 17. Ba7 Ra8 18. Bd4 Rab8 19. Bxg7 Kxg7 20. Rfd1 Nf6 21. Qb2 Kh7 22. Nd5 Bxd5 23. Bxd5 Nxd5 24. Rxd5 Qb6 25. h4 Rbc8 26. h5 Rc5 27. Qd4 Qc7 28. Rc3 Rxd5 29. cxd5 Qd7 30. Re3 Rc8 31. Qf4 Kg7 32. hxg6 fxg6 33. Re6 Rg8 34. Qh4 Kf7 35. Qxh6 Qc7 36. Re4 Rg7 37. Rf4+ Kg8 38. Qh3 1-0

[Event "BCF-chT4 0506 (4NCL)"]
[Site "West Bromwich"]
[Date "2005.11.06"]
[Round "2.2"]
[White "White, Ian R"]
[Black "Haydon, Richard"]
[Result "0-1"]
[WhiteElo "2120"]
[BlackElo "2185"]
[PlyCount "76"]
[EventDate "2005.11.05"]
[EventType "team"]
[EventRounds "11"]
[EventCountry "ENG"]
[SourceTitle "CBM 109 Extra"]
[Source "ChessBase"]
[SourceDate "2006.01.03"]
[SourceVersion "2"]
[SourceVersionDate "2006.01.03"]
[SourceQuality "1"]
[WhiteTeam "Gloucestershire Gambits"]
[BlackTeam "Brown Jack"]
[WhiteTeamCountry "ENG"]
[BlackTeamCountry "ENG"]

1. e4 g6 2. d4 Bg7 3. Nc3 d6 4. Nf3 Nf6 5. h3 0-0 6. Be3 c6 7. a4 d5 8. e5 Ne4 9. Nxe4 dxe4 10. Ng5 c5 11. dxc5 Qc7 12. Bc4 Nc6 13. Nxe4 Qxe5 14. Nc3 Bf5 15. 0-0 Rad8 16. Qc1 Nd4 17. Bb3 Qxc5 18. Bxd4 Bxd4 19. Nb5 Be5 20. Qe3 Qxe3 21. fxe3 Rd2 22. Rf2 Rfd8 23. Raf1 a6 24. Nc3 Bxc3 25. bxc3 e6 26. Rxd2 Rxd2 27. Rf2 Rxf2 28. Kxf2 Be4 29. a5 Kf8 30. g4 g5 31. Bc4 Bxc2 32. Be2 Be4 33. Bf3 Bxf3 34. Kxf3 f5 35. Ke2 Kg7 36. Kd3 Kg6 37. gxf5+ Kxf5 38. Kd4 h5 0-1

[Event "BCF-chT4b 0405 (4NCL)"]
[Site "Telford"]
[Date "2005.05.30"]
[Round "11.3"]
[White "Cooper, Lawrence"]
[Black "Haydon, Richard"]
[Result "1/2-1/2"]
[WhiteElo "2308"]
[BlackElo "2205"]
[PlyCount "77"]
[EventDate "2004.11.06"]
[EventType "team"]
[EventRounds "11"]
[EventCountry "ENG"]
[SourceTitle "EXT 2006"]
[Source "ChessBase"]
[SourceDate "2005.11.24"]
[SourceVersion "1"]
[SourceVersionDate "2005.11.24"]
[SourceQuality "1"]
[WhiteTeam "Hilsmark Kingfisher II"]
[BlackTeam "Brown Jack"]
[WhiteTeamCountry "ENG"]
[BlackTeamCountry "ENG"]

1. e4 c5 2. Nf3 Nc6 3. Bb5 g6 4. Bxc6 dxc6 5. d3 Bg7 6. h3 e5 7. Be3 Qe7 8. Qd2 Nf6 9. Nc3 Nd7 10. Bh6 f6 11. Nh2 Nf8 12. 0-0 Ne6 13. Ne2 Bd7 14. Bxg7 Qxg7 15. f4 0-0-0 16. fxe5 fxe5 17. Rf2 h5 18. Raf1 Rhf8 19. Rxf8 Rxf8 20. Rxf8+ Qxf8 21. Nf3 Qf6 22. Qh6 Kc7 23. Kf2 Nd8 24. Qg5 Qxg5 25. Nxg5 Kd6 26. Kg3 Ke7 27. Ng1 Kf6 28. Kh4 Be6 29. b3 Bg8 30. N1f3 Ne6 31. Nxe6 Bxe6 32. g4 hxg4 33. hxg4 Bf7 34. g5+ Ke6 35. Kg3 Kd6 36. Kf2 b5 37. Ke3 a5 38. a3 Be6 39. Nh4 1/2-1/2

[Event "BCF-chT4b 0405 (4NCL)"]
[Site "Telford"]
[Date "2005.04.16"]
[Round "7.3"]
[White "Grossett, Duncan"]
[Black "Haydon, Richard"]
[Result "1/2-1/2"]
[WhiteElo "2005"]
[BlackElo "2205"]
[PlyCount "34"]
[EventDate "2004.11.06"]
[EventType "team"]
[EventRounds "11"]
[EventCountry "ENG"]
[SourceTitle "EXT 2006"]
[Source "ChessBase"]
[SourceDate "2005.11.24"]
[SourceVersion "1"]
[SourceVersionDate "2005.11.24"]
[SourceQuality "1"]
[WhiteTeam "Grendel's Mother"]
[BlackTeam "Brown Jack"]
[WhiteTeamCountry "ENG"]
[BlackTeamCountry "ENG"]

1. d4 d6 2. Nf3 g6 3. g3 Bg7 4. Bg2 Nf6 5. 0-0 0-0 6. c4 c6 7. Nc3 Qa5 8. Qc2 Qh5 9. Bf4 Bh3 10. Ne4 Bxg2 11. Kxg2 Nbd7 12. h3 Qa5 13. b4 Qc7 14. Nc3 e5 15. dxe5 dxe5 16. Bg5 h6 17. Bxf6 Nxf6 1/2-1/2

[Event "BCF-chT4 0304 (4NCL)"]
[Site "West Bromwich "]
[Date "2004.06.19"]
[Round "10.2"]
[White "Haydon, Richard"]
[Black "Mercs, Peter J"]
[Result "1-0"]
[WhiteElo "2197"]
[BlackElo "2121"]
[PlyCount "87"]
[EventDate "2003.10.??"]
[EventType "team"]
[EventRounds "11"]
[EventCountry "ENG"]
[SourceTitle "EXT 2005"]
[Source "ChessBase"]
[SourceDate "2004.11.15"]
[SourceVersion "1"]
[SourceVersionDate "2004.11.15"]
[SourceQuality "1"]
[WhiteTeam "Brown Jack"]
[BlackTeam "Nottinghamshire"]
[WhiteTeamCountry "ENG"]
[BlackTeamCountry "ENG"]

1. Nf3 c5 2. g3 g6 3. Bg2 Bg7 4. 0-0 Nc6 5. d3 e6 6. e4 d6 7. c3 Nge7 8. d4 cxd4 9. cxd4 0-0 10. Re1 d5 11. e5 Nf5 12. b3 Qb6 13. Bb2 Bd7 14. Na3 f6 15. Nc2 fxe5 16. dxe5 h6 17. Ne3 Nxe3 18. Rxe3 Ne7 19. Bd4 Qd8 20. Bc5 b6 21. Ba3 Rc8 22. Rc1 Rf7 23. Rec3 Rxc3 24. Rxc3 Nc6 25. Bd6 Bf8 26. Qc2 Ne7 27. Nh4 g5 28. Ng6 Nxg6 29. Qxg6+ Bg7 30. Bf1 Rf5 31. Bd3 Qe8 32. Qxe8+ Bxe8 33. Bxf5 exf5 34. Rc8 Kf7 35. Rc7+ Kg6 36. Rxa7 f4 37. gxf4 gxf4 38. Kg2 h5 39. Kf3 Bh6 40. Re7 Bf7 41. e6 Bg8 42. Bxf4 Bxf4 43. Kxf4 Kf6 44. Rb7 1-0

[Event "BCF-chT4 0304 (4NCL)"]
[Site "West Bromwich "]
[Date "2004.05.30"]
[Round "8.2"]
[White "Haydon, Richard"]
[Black "Chipanga, Takaedza"]
[Result "1/2-1/2"]
[WhiteElo "2197"]
[BlackElo "2170"]
[PlyCount "51"]
[EventDate "2003.10.??"]
[EventType "team"]
[EventRounds "11"]
[EventCountry "ENG"]
[SourceTitle "EXT 2005"]
[Source "ChessBase"]
[SourceDate "2004.11.15"]
[SourceVersion "1"]
[SourceVersionDate "2004.11.15"]
[SourceQuality "1"]
[WhiteTeam "Brown Jack"]
[BlackTeam "Hilsmark Kingfisher II"]
[WhiteTeamCountry "ENG"]
[BlackTeamCountry "ENG"]

1. Nf3 d5 2. g3 Nf6 3. Bg2 c6 4. b3 Bg4 5. Bb2 Nbd7 6. d3 Bxf3 7. Bxf3 e5 8. 0-0 Bd6 9. c4 d4 10. e3 dxe3 11. fxe3 0-0 12. Nc3 Qe7 13. a3 a5 14. Qe2 Nc5 15. Qc2 Rfe8 16. b4 Ne6 17. c5 Bc7 18. Rae1 h5 19. Ne4 Nxe4 20. Bxe4 Ng5 21. Qg2 axb4 22. axb4 Nxe4 23. Qxe4 Ra2 24. Rf2 Qe6 25. Ref1 Rf8 26. d4 1/2-1/2

[Event "BCF-chT4 0304 (4NCL)"]
[Site "West Bromwich "]
[Date "2003.11.23"]
[Round "2.3"]
[White "Haydon, Richard"]
[Black "Rosen, Daniel B"]
[Result "1/2-1/2"]
[WhiteElo "2197"]
[BlackElo "2144"]
[PlyCount "73"]
[EventDate "2003.10.??"]
[EventType "team"]
[EventRounds "11"]
[EventCountry "ENG"]
[SourceTitle "EXT 2005"]
[Source "ChessBase"]
[SourceDate "2004.11.15"]
[SourceVersion "1"]
[SourceVersionDate "2004.11.15"]
[SourceQuality "1"]
[WhiteTeam "Brown Jack"]
[BlackTeam "Poisoned Pawns II"]
[WhiteTeamCountry "ENG"]
[BlackTeamCountry "ENG"]

1. Nf3 f5 2. g3 Nf6 3. Bg2 e6 4. 0-0 Be7 5. d4 0-0 6. b3 d5 7. c4 c6 8. Ba3 Bd7 9. Bxe7 Qxe7 10. Qc2 Be8 11. Nc3 Bh5 12. Ne5 Nbd7 13. Nxd7 Qxd7 14. e3 Ne4 15. Na4 Qe7 16. Nb2 Ng5 17. f3 dxc4 18. Qxc4 Nf7 19. Nd3 Rfe8 20. Rae1 Kh8 21. Nf4 Nd6 22. Qc5 Bf7 23. Nd3 Bg8 24. g4 Rad8 25. a4 Nc8 26. gxf5 exf5 27. Qxf5 Bxb3 28. Ne5 Nd6 29. Qh3 Kg8 30. f4 Bxa4 31. f5 Rf8 32. Ng6 Qf6 33. Nxf8 Rxf8 34. Rf2 Bb5 35. Rd1 Re8 36. Rf4 a5 37. e4 1/2-1/2

[Event "BCF-chT2 0102 (4NCL)"]
[Site "Birmingham"]
[Date "2002.05.06"]
[Round "11.2"]
[White "Zeidler, Sven P"]
[Black "Haydon, Richard"]
[Result "1-0"]
[WhiteElo "2277"]
[BlackElo "2208"]
[PlyCount "77"]
[EventDate "2001.09.22"]
[EventType "team"]
[EventRounds "11"]
[EventCountry "ENG"]
[SourceTitle "EXT 2003"]
[Source "ChessBase"]
[SourceDate "2002.11.25"]
[SourceVersion "1"]
[SourceVersionDate "2002.11.25"]
[SourceQuality "1"]
[WhiteTeam "SW Dragons"]
[BlackTeam "Warwicks Select"]
[WhiteTeamCountry "ENG"]
[BlackTeamCountry "ENG"]

1. e4 g6 2. d4 Bg7 3. Nc3 d6 4. Bc4 Nc6 5. Nf3 Nf6 6. h3 0-0 7. Qe2 Nd7 8. Be3 Nb6 9. Bb3 Na5 10. 0-0 c6 11. Rfe1 h6 12. Rad1 Bd7 13. Bf4 Qc8 14. a3 Nxb3 15. cxb3 Re8 16. a4 a5 17. Qe3 Kh7 18. d5 Ra6 19. Rc1 Qb8 20. dxc6 bxc6 21. e5 Nc8 22. Ne4 Rb6 23. Ned2 Rb4 24. Rc4 Qb6 25. Qc3 c5 26. Rxb4 axb4 27. Qd3 Qc6 28. Rc1 d5 29. Be3 c4 30. bxc4 dxc4 31. Qxc4 Qxa4 32. Qxf7 Rf8 33. Qd5 e6 34. Qb7 Ne7 35. Bc5 Rc8 36. b3 Qa3 37. Re1 Rxc5 38. Qxd7 Nc6 39. Ne4 1-0

[Event "BCF-chT2 0102 (4NCL)"]
[Site "Birmingham"]
[Date "2002.01.20"]
[Round "6.1"]
[White "Haydon, Richard"]
[Black "Harris, Michael"]
[Result "1/2-1/2"]
[WhiteElo "2208"]
[BlackElo "2235"]
[PlyCount "57"]
[EventDate "2001.09.22"]
[EventType "team"]
[EventRounds "11"]
[EventCountry "ENG"]
[SourceTitle "EXT 2003"]
[Source "ChessBase"]
[SourceDate "2002.11.25"]
[SourceVersion "1"]
[SourceVersionDate "2002.11.25"]
[SourceQuality "1"]
[WhiteTeam "Warwicks Select"]
[BlackTeam "Slough II"]
[WhiteTeamCountry "ENG"]
[BlackTeamCountry "ENG"]

1. g3 e5 2. c4 f5 3. Bg2 Nf6 4. Nc3 Nc6 5. d3 Bb4 6. Bd2 0-0 7. a3 Bxc3 8. Bxc3 d6 9. Nf3 Qe8 10. 0-0 Qh5 11. e3 f4 12. exf4 exf4 13. Nd2 Ng4 14. h3 Nf6 15. Qxh5 Nxh5 16. g4 f3 17. Bxf3 Nf4 18. Kh2 Nxd3 19. Bd5+ Kh8 20. f4 Ne7 21. Rf3 c6 22. Be4 Nc5 23. Bc2 Bd7 24. f5 Rae8 25. b4 Na6 26. Re1 Ng8 27. Rfe3 Nc7 28. Ne4 d5 29. Nd6 1/2-1/2

[Event "Basingstoke op"]
[Site "Basingstoke"]
[Date "2001.07.08"]
[Round "5"]
[White "Haydon, Richard"]
[Black "Lappage, Jonathan"]
[Result "0-1"]
[WhiteElo "2191"]
[BlackElo "2208"]
[PlyCount "64"]
[EventDate "2001.07.07"]
[EventType "swiss"]
[EventRounds "5"]
[EventCountry "ENG"]
[SourceTitle "EXT 2007"]
[Source "ChessBase"]
[SourceDate "2006.11.23"]
[SourceVersion "1"]
[SourceVersionDate "2006.11.23"]
[SourceQuality "1"]

1. Nf3 b6 2. g3 Bb7 3. Bg2 Nf6 4. 0-0 e6 5. c4 d5 6. cxd5 exd5 7. d4 Bd6 8. Nc3 0-0 9. Nb5 Be7 10. Bf4 Ne8 11. Ne5 c6 12. Nc3 f5 13. Qa4 Nd6 14. Rad1 Nf7 15. Nxf7 Rxf7 16. Bxb8 Qxb8 17. e3 a5 18. Rc1 Bd6 19. Rfd1 h5 20. Qb3 Qd8 21. h4 Bc7 22. Ne2 g5 23. hxg5 Qxg5 24. Nf4 Re8 25. Qa4 b5 26. Qc2 h4 27. gxh4 Qxh4 28. Re1 Re4 29. Qd3 Rg7 30. Re2 Rxf4 31. exf4 Qxf4 32. Re8+ Kf7 0-1

[Event "BCF-chT2 9900 (4NCL)"]
[Site "Birmingham"]
[Date "1999.11.21"]
[Round "4.5"]
[White "Haydon, Richard"]
[Black "Thrower, Tomas"]
[Result "1-0"]
[WhiteElo "2176"]
[BlackElo "2054"]
[PlyCount "57"]
[EventDate "1999.10.??"]
[EventType "team"]
[EventRounds "11"]
[EventCountry "ENG"]
[SourceTitle "EXT 2001"]
[Source "ChessBase"]
[SourceDate "2000.11.22"]
[SourceVersion "1"]
[SourceVersionDate "2000.11.22"]
[SourceQuality "1"]
[WhiteTeam "Witney"]
[BlackTeam "Perceptron Youth"]
[WhiteTeamCountry "ENG"]
[BlackTeamCountry "ENG"]

1. Nf3 c5 2. c4 Nc6 3. Nc3 e5 4. g3 g6 5. Bg2 Bg7 6. 0-0 Nge7 7. d3 0-0 8. Rb1 d6 9. a3 f5 10. Bd2 h6 11. b4 g5 12. Ne1 Rb8 13. Nc2 Be6 14. Ne3 f4 15. Ned5 Qd7 16. Nxe7+ Nxe7 17. Ne4 b6 18. Bc3 Rf7 19. bxc5 dxc5 20. Nxc5 Qc8 21. Nxe6 Qxe6 22. Qa4 a5 23. Rb5 g4 24. Rfb1 f3 25. exf3 gxf3 26. Bf1 h5 27. Bxa5 Nc8 28. c5 Qc6 29. Qc4 1-0